Global Language Vocabulary- V - Statistics

General Stats
  • This quiz has been taken 41 times
  • The average score is 4 of 12
Answer Stats
Language Answer % Correct
English Voice
100%
Latin Vox
71%
French Voix
63%
Italian Voce
60%
Dutch Stem
26%
Arabic صوت, sawt
17%
Igbo Olu
11%
Quechua Rimay
11%
Chinese (Simplified) 嗓音, sǎngyīn
11%
Turkish Ses
11%
Filipino Boses
9%
Armenian Ձայն, jayn
3%
No matching quizzes found
Score Distribution
Percent of People with Each Score
Percentile by Number Answered
Your Score History
You have not taken this quiz